| 000 | 00369nam a2200133Ia 4500 | ||
|---|---|---|---|
| 008 | 210430s9999 xx 000 0 und d | ||
| 082 | _a548.83 C9671 E | ||
| 100 |
_aB.D.Cullity &S.R.St _953140 |
||
| 245 |
_aElements of X-Ray Diffraction 3rd _cB.D.Cullity &S.R.St |
||
| 250 | _a3rd | ||
| 260 |
_aNew Jersey _bPrentice -Hall _c2001 |
||
| 300 | _a664p | ||
| 942 |
_cBK _2ddc |
||
| 999 |
_c565938 _d565938 |
||